| 000 | 00591nam a2200169 a 4500 | ||
|---|---|---|---|
| 008 | 120416s1984 ||||||||||||||||| || u | ||
| 020 | _a0130393223 | ||
| 050 | _aT 385 Art | ||
| 100 | _aArtwick, Bruce A | ||
| 245 | 1 | 0 | _aApplied concepts in microcomputer graphics |
| 260 |
_aEnglewood Cliffs: _bFT Prentice-Hall _c1984 |
||
| 300 | _aix, 374p. : ill. | ||
| 350 | _a0.00 | ||
| 650 | _aMICROCOMPUTERS | ||
| 650 | 0 | _aCOMPUTER GRAPHICS | |
| 995 |
_D0.00 _FCBU-MAIN LIBRARY (Kitwe) _H1 _I49.20 _M1 _UAVAILABLE _ZMain Library Open Access Collection |
||
| 999 |
_c34539 _d34539 |
||